Statistiques concernant Villes de France par ensoleillement annuel

Cliquez ici pour prendre le quiz!

Statistiques générales

  • Ce quiz a été pris 318 fois
  • Le résultat moyen est 5 sur 20

Statistiques - réponses

Ensoleillement (heures annuelles)Villes% Correct
2857Marseille
86%
2899Toulon
81%
2724Nice
62%
2668Montpellier
45%
2857Aix en Provence
34%
2662Nimes
34%
2031Toulouse
31%
2464Perpignan
30%
2035Bordeaux
27%
2001Lyon
24%
2065Grenoble
16%
1791Nantes
9%
1985Saint Etienne
7%
2001Villeurbanne
4%
1913Clermont Ferrand
4%
1899Limoges
4%
1848Dijon
3%
1833Tours
3%
1798Angers
3%
1836Besançon
2%

Distribution des résultats

Percentile par nombre de réponses

% des personnes avec chaque résultat

Votre développement - résultats

Vous n’avez pas pris ce quiz